| 000 | 00516nam a2200145Ia 4500 | ||
|---|---|---|---|
| 008 | 140724s9999 xx 000 0 und d | ||
| 050 |
_aBF 637 _b.M332 2014 |
||
| 100 | _aMa Aycardo, Angelo Jerome A. | ||
| 245 |
_aLevels of sibling relationship and self-esteem of fourth year Manresan students / _cAngelo Jerome A. Ma. Aycardo. |
||
| 260 |
_aLas PiƱas, Philippines : _bSouthville International School and Colleges, _cc2014. |
||
| 300 |
_a39 p. : _c28 cm. |
||
| 521 | _aPsychology | ||
| 942 | _cTH | ||
| 999 |
_c229348 _d229348 |
||